000 00500nam a2200181Ia 4500
005 20250423100923.0
008 250422s9999 xx 000 0 und d
020 _a978-1-59784-219-8
050 _aBP 252 .N87 S56/
100 _aNursi, Said
245 0 _aSincerity and brotherhood
260 _aNew Jersey
260 _bTughra Books
260 _c2011
300 _a71 p
650 _aNursî, Said, 1873-1960 -- Philosophy Islam -- Essence, genius, nature Islam -- Appreciation
942 _cBK
999 _c34746
_d34746